00285nam a2200121Ia 4500008004100000041001200041082002500053100001900078245001700097260002500114300001100139650001300150231217s9999 xx 000 0 und d aEnglish a001.6424JAV KAN `R' aKanerva, Jonni 4aThe Java FAQ c1999bAddison-Wesley aix+324 aJava FAQ